00629nam a2200157 a 4500008004100000020001500041050001500056100002100071245002000092246007400112260003500186350000900221995009300230999001700323952013100340120416s0000 ||||||||||||||||| || u a0060913355 aHB 615 Pin aPinchot, Gifford10aIntrapreneuring awhy you don't have to leave the corporation to become an entrepreneur aNew YorkbHarper and Rowc1986 a0.00 D0.00FCBU-MAIN LIBRARY (Kitwe)H1I10.95UAVAILABLEZMain Library Open Access Collection c47559d47559 00102lcc4070a001b001cMain Library Open Access Collectiond2022-11-30l0oHB 615 Pinp002372r2022-11-30w2022-11-30y002